| 000 | 00436nam a2200157Ia 4500 | ||
|---|---|---|---|
| 003 | GCL | ||
| 008 | 140319s9999 xx 000 0 eng d | ||
| 040 |
_aGCL / _cGCL |
||
| 082 | 0 | 4 |
_a945.05 _bH I |
| 100 | 1 | _aHEY, DENYS | |
| 245 | 1 | 0 |
_aTHE ITALIAN RENAISSANCE IN ITS HISTORICAL BACKGROUND / _cHEY, DENYS |
| 260 |
_a[S.N] : _bCAMBRIDGE UNIVERSITY PRESS ، _c1987 |
||
| 300 | _a228 P | ||
| 650 | 0 | 4 | _aITALY - RENAISSANCE |
| 942 |
_2ddc _cBK |
||
| 999 |
_c21434 _d21434 |
||